|
|
|
|
| LEADER |
01014nam a2200241 a 4500 |
| 008 |
090519s1981 sz a b i100 0 eng d |
| 020 |
|
|
|a 9241206705
|
| 040 |
|
|
|a BD-DhAAL
|c BD-DhAAL
|
| 082 |
0 |
0 |
|a 610 s
|a 618.1/75/0072
|2 18
|
| 245 |
0 |
0 |
|a Research on the menopause :
|b report of a WHO Scientific Group.
|
| 260 |
|
|
|a Geneva :
|b World Health Organization,
|c 1981.
|
| 300 |
|
|
|a 120 p. :
|b ill. ;
|c 21 cm.
|
| 490 |
1 |
|
|a WHO Technical report series;
|v 670
|
| 504 |
|
|
|a Includes bibliographical references
|
| 541 |
1 |
|
|e 00001312
|
| 650 |
|
0 |
|a Menopause
|x Congresses.
|
| 650 |
|
0 |
|a Aging
|x Congresses.
|
| 650 |
|
2 |
|a Menopause.
|
| 710 |
2 |
|
|a WHO Scientific Group on Research on the Menopause in the 1990s.
|
| 830 |
|
0 |
|a Technical report series (World Health Organization) ;
|v 670.
|
| 852 |
4 |
|
|a Ayesha Abed Library
|j Generalshelf
|
| 999 |
|
|
|c 8537
|d 8537
|
| 952 |
|
|
|0 0
|1 0
|2 ddc
|4 0
|6 610_727000000000000_RES_1981
|7 0
|9 10104
|a BRACUL
|b BRACUL
|c GEN
|d 2010-05-12
|g 0.00
|l 0
|o 610.727 RES
|p 3010001312
|r 2010-05-12
|t 1
|w 2010-05-12
|y BK
|z Not price in Register
|